| 000 | 00802nam a22002897a 4500 | ||
|---|---|---|---|
| 003 | dpl | ||
| 005 | 20240724114130.0 | ||
| 008 | 240305b |||||||| |||| 00| 0 eng d | ||
| 010 | _aENG-140953 | ||
| 020 | _c87.00 | ||
| 035 | _aEN-124485 | ||
| 035 | _aEN-12448 | ||
| 035 | _aEN-124485 | ||
| 037 | _bDBAD | ||
| 040 | _c. | ||
| 082 | _a658.102654 | ||
| 100 |
_aZAD N.S AND CS BAJPAI DIVYA _962808 |
||
| 245 |
_aCompany Law / _cCS N.S ZAD AND CS DIVYA BAJPAI |
||
| 260 |
_a NEW DELHI _bTaxmann Publications _c2022 |
||
| 270 |
_a21/35 , west punjabi bagh _bNew Delhi |
||
| 300 |
_a272.Pages _c23cm,(hb) |
||
| 700 | _962809 | ||
| 700 | _962810 | ||
| 700 |
_aSanjeev Kumar _962811 _eAuthor |
||
| 700 |
_aJagdish Saini _962818 |
||
| 942 |
_2ddc _cEN _h362.104257 _mabhj |
||
| 999 |
_c204340 _d204340 |
||